| 000 | 00635nam a2200217 a 4500 | ||
|---|---|---|---|
| 999 |
_c2758 _d2758 |
||
| 001 | 2758 | ||
| 003 | BD-JhCC | ||
| 005 | 20171106180548.0 | ||
| 008 | 171106s1975 bg |||| ||a| 000 0 ben d | ||
| 035 | _a(BD-JhCC)2758 | ||
| 040 |
_aBD-JhCC _dBD-JhCC |
||
| 041 | _aben | ||
| 082 |
_a891.443 _bKAN 1975 |
||
| 100 | _aকান্তিক | ||
| 245 |
_aলাল দেয়ালের অন্তরালে / _cকান্তিন |
||
| 260 |
_aঢাকা : _bনওরোজ কিতাবিস্তান, _c১৯৭৫. |
||
| 300 |
_a301 p. : _c21 cm. |
||
| 650 | _aBengali Novel | ||
| 942 |
_2ddc _cBK |
||